<?xml version="1.0" encoding="UTF-8"?>
<record
    xmlns:xsi="http://www.w3.org/2001/XMLSchema-instance"
    xsi:schemaLocation="http://www.loc.gov/MARC21/slim http://www.loc.gov/standards/marcxml/schema/MARC21slim.xsd"
    xmlns="http://www.loc.gov/MARC21/slim">

  <leader>02286agaaa2200349   4500</leader>
  <controlfield tag="001">9537</controlfield>
  <controlfield tag="003">IT-RoPAU</controlfield>
  <controlfield tag="005">20220918181225.0</controlfield>
  <controlfield tag="007">d cvaizq</controlfield>
  <controlfield tag="008">50131s9999||||xx ||| |     ||   ||und||</controlfield>
  <datafield tag="040" ind1=" " ind2=" ">
    <subfield code="a">IT-RoPAU</subfield>
    <subfield code="c">IT-RoPAU</subfield>
  </datafield>
  <datafield tag="041" ind1=" " ind2=" ">
    <subfield code="a">ITALIANO</subfield>
  </datafield>
  <datafield tag="100" ind1=" " ind2=" ">
    <subfield code="a">Gondry Michel</subfield>
    <subfield code="g">Codice regista SPICS: 59830</subfield>
    <subfield code="9">37977</subfield>
  </datafield>
  <datafield tag="130" ind1=" " ind2=" ">
    <subfield code="a">SE MI LASCI TI CANCELLO - ETERNAL SUNSHINE OF THE SPOTLESS MIND</subfield>
    <subfield code="9">37978</subfield>
  </datafield>
  <datafield tag="240" ind1=" " ind2=" ">
    <subfield code="a">ETERNAL SUNSHINE OF THE SPOTLESS MIND</subfield>
    <subfield code="g">T3839</subfield>
  </datafield>
  <datafield tag="245" ind1=" " ind2=" ">
    <subfield code="a">SE MI LASCI TI CANCELLO - ETERNAL SUNSHINE OF THE SPOTLESS MIND</subfield>
    <subfield code="c">Prodotto da: Bergman A. Golin S. -- Sceneggiatura: Kaufman Charlie -- Diretto da: Gondry Michel</subfield>
    <subfield code="p">SE MI LASCI TI CANCELLO - ETERNAL SUNSHINE OF THE SPOTLESS MIND (Rif. Codice opera principale : H9537)</subfield>
  </datafield>
  <datafield tag="246" ind1=" " ind2=" ">
    <subfield code="a">ETERNAL SUNSHINE OF THE SPOTLESS MIND</subfield>
  </datafield>
  <datafield tag="250" ind1=" " ind2=" ">
    <subfield code="a">Edizione Standard</subfield>
  </datafield>
  <datafield tag="260" ind1=" " ind2=" ">
    <subfield code="a">(USA)</subfield>
    <subfield code="b">BLUE RUIN - ANONYMOUS CONTENT - FOCUS FEATU / Distribuzione: FAMIGLIA CRISTIANA</subfield>
    <subfield code="g">"2004 (1&#xB0; ed.: 2010 ; Ed. Lingua Orig.: 2004)"</subfield>
  </datafield>
  <datafield tag="300" ind1=" " ind2=" ">
    <subfield code="a">DVD</subfield>
    <subfield code="b">sonoro, col.</subfield>
    <subfield code="c">103 minuti</subfield>
  </datafield>
  <datafield tag="508" ind1=" " ind2=" ">
    <subfield code="a">"Fotografia: Kuras Ellen; Montaggio: Oskarsdottir Valdis; Musica: Brion Jon; Sceneggiatura: Kaufman Charlie; Scenografia: Leigh Dan; Soggetto: Kaufman Charlie -- Gondry Michel"</subfield>
  </datafield>
  <datafield tag="511" ind1=" " ind2=" ">
    <subfield code="a">"Carrey Jim; Winslet Kate; Dunst Kirsten; Ruffalo Mark; Wood Elijah; Wilkinson Tom"</subfield>
  </datafield>
  <datafield tag="520" ind1=" " ind2=" ">
    <subfield code="a">JOEL E CLEMENTINE SI AMANO. LA LORO E' UNA STORIA BELLISSIMA MA, COME TUTTE LE RELAZIONI PIU' INTENSE, E' DESTINATA A SGRETOLARSI COL TEMPO. CLEMENTINE E' ARRIVATA AL CAPOLINEA E DECIDE DI CANCELLARE JOEL DALLA SUA VITA. SI RIVOLGE COSI' ALLA CLINICA LACUNA, SPECIALIZZATA NEL CANCELLARE SELETTIVAMENTE I RICORDI. INFURIATO, ANCHE JOEL PASSA ALLA CLINICA PER FARSI TOGLIERE DALLA TESTA IL LORO AMORE. MA NIENTE DA FARE, IL RICORDO DI LEI NON VUOLE SAPERE DI ANDARSENE...</subfield>
  </datafield>
  <datafield tag="538" ind1=" " ind2=" ">
    <subfield code="a">PAL, STEREO</subfield>
  </datafield>
  <datafield tag="546" ind1=" " ind2=" ">
    <subfield code="a">ITALIANO</subfield>
  </datafield>
  <datafield tag="650" ind1=" " ind2=" ">
    <subfield code="a">COMMEDIA</subfield>
    <subfield code="e">DVD-FILM [DVD]</subfield>
    <subfield code="x">Codice MATERIA SPICS: 9947</subfield>
    <subfield code="9">36668</subfield>
  </datafield>
  <datafield tag="700" ind1=" " ind2=" ">
    <subfield code="a">Brion Jon</subfield>
    <subfield code="e">(musica)</subfield>
    <subfield code="g">Codice Musica SPICS: 59832</subfield>
    <subfield code="9">37979</subfield>
  </datafield>
  <datafield tag="700" ind1=" " ind2=" ">
    <subfield code="a">Gondry Michel </subfield>
    <subfield code="e">(regista)</subfield>
    <subfield code="g">Codice regista SPICS: 59830</subfield>
    <subfield code="9">37980</subfield>
  </datafield>
  <datafield tag="700" ind1=" " ind2=" ">
    <subfield code="a">Gondry Michel </subfield>
    <subfield code="e">(soggetto)</subfield>
    <subfield code="g">Codice Soggetto 2&#xB0; SPICS: 59830</subfield>
    <subfield code="9">37981</subfield>
  </datafield>
  <datafield tag="700" ind1=" " ind2=" ">
    <subfield code="a">Kaufman Charlie </subfield>
    <subfield code="e">(soggetto)</subfield>
    <subfield code="g">Codice Soggetto SPICS: 59831</subfield>
    <subfield code="9">37982</subfield>
  </datafield>
  <datafield tag="942" ind1=" " ind2=" ">
    <subfield code="c">DV</subfield>
    <subfield code="2">ddc</subfield>
  </datafield>
  <datafield tag="999" ind1=" " ind2=" ">
    <subfield code="c">104844</subfield>
    <subfield code="d">104844</subfield>
  </datafield>
  <datafield tag="952" ind1=" " ind2=" ">
    <subfield code="0">0</subfield>
    <subfield code="1">0</subfield>
    <subfield code="4">0</subfield>
    <subfield code="6">H_9537_000000000000000</subfield>
    <subfield code="7">1</subfield>
    <subfield code="a">SPICS</subfield>
    <subfield code="b">SPICS</subfield>
    <subfield code="d">2015-01-31</subfield>
    <subfield code="l">0</subfield>
    <subfield code="o">H9537</subfield>
    <subfield code="r">2015-01-31 00:00:00</subfield>
    <subfield code="w">2015-01-31</subfield>
    <subfield code="y">DV</subfield>
    <subfield code="z">Progr. Ins.: 3905 / N.Vol.:1 / Copie: 1 / Pag.:0 / Copia rara: n.d. / date import: 1.2.2015 / By Epidotti, Trombetti, Vaglietti</subfield>
  </datafield>
</record>
